Indian secularism: (Record no. 10795)
[ view plain ]
| 000 -LEADER | |
|---|---|
| fixed length control field | 00799 a2200217 4500 |
| 010 ## - LIBRARY OF CONGRESS CONTROL NUMBER | |
| LC control number | ENG-89527 |
| 020 ## - INTERNATIONAL STANDARD BOOK NUMBER | |
| Terms of availability | 695.00 |
| International Standard Book Number | 8178242125 |
| 035 ## - SYSTEM CONTROL NUMBER | |
| System control number | EN-73060 |
| 037 ## - SOURCE OF ACQUISITION | |
| Source of stock number/acquisition | DBAD / PUB |
| 082 14 - DEWEY DECIMAL CLASSIFICATION NUMBER | |
| Classification number | 320.540954 |
| 090 ## - LOCALLY ASSIGNED LC-TYPE CALL NUMBER (OCLC); LOCAL CALL NUMBER (OCLC) | |
| -- | 11100 |
| -- | 11100 |
| 100 1# - MAIN ENTRY--PERSONAL NAME | |
| Personal name | Tejani, Shabnum |
| 245 1# - TITLE STATEMENT | |
| Title | Indian secularism: |
| Statement of responsibility, etc | by Shabnum Tejani |
| Remainder of title | a social and intellectual history 1890-1950/ |
| 260 ## - PUBLICATION, DISTRIBUTION, ETC. (IMPRINT) | |
| Place of publication, distribution, etc | Ranikhet |
| Name of publisher, distributor, etc | Permanent Black |
| Date of publication, distribution, etc | 2007 |
| 260 ## - PUBLICATION, DISTRIBUTION, ETC. (IMPRINT) | |
| Place of publication, distribution, etc | New Delhi |
| Name of publisher, distributor, etc | Orient Longman (Distributor) |
| 270 ## - ADDRESS | |
| Address | Himalayana, Mall Road, Ranikhet Cantt |
| City | Ranikhet |
| Postal code | 263645 |
| State or province | Ranikhet |
| 300 ## - PHYSICAL DESCRIPTION | |
| Extent | xvi, 302p. |
| Dimensions | 22 cm. (Hb) |
| 500 ## - GENERAL NOTE | |
| General note | Includes bibliographical references & index |
| 942 ## - ADDED ENTRY ELEMENTS (KOHA) | |
| Institution code [OBSOLETE] | dpl |
| Koha item type | English Books |
| Call number prefix | 320.540954/ TEJ |
| Withdrawn status | Lost status | Source of classification or shelving scheme | Damaged status | Not for loan | Collection code | Home library | Current library | Source of acquisition | Cost, normal purchase price | Total Checkouts | Full call number | Barcode | Date last seen | Copy number | Uniform Resource Identifier | Cost, replacement price | Price effective from | Koha item type |
|---|---|---|---|---|---|---|---|---|---|---|---|---|---|---|---|---|---|---|
| Dewey Decimal Classification | Not For Loan | Non-fiction | D.B.Act.Division | D.B.Act.Division | DBAD/PUB | 695.00 | 320.540954 TEJ | EN-73060 | 15/09/2008 | 1 | 11891 | 695.00 | 15/09/2008 | English Books |
